PRIDE AND PREJUDICE (Record no. 3494)
[ view plain ]
| 000 -LEADER | |
|---|---|
| fixed length control field | 00266nam a22001217a 4500 |
| 082 ## - DEWEY DECIMAL CLASSIFICATION NUMBER | |
| Classification number | 823 |
| Item number | AUS/P |
| 100 ## - MAIN ENTRY--AUTHOR NAME | |
| Personal name | PETERSON,ERIC |
| 245 ## - TITLE STATEMENT | |
| Title | PRIDE AND PREJUDICE |
| 260 ## - PUBLICATION, DISTRIBUTION, ETC. (IMPRINT) | |
| Place of publication | NEW DELHI |
| Name of publisher | KALYANI PUBLISHERS |
| 300 ## - PHYSICAL DESCRIPTION | |
| Number of Pages | 53 |
| 650 ## - SUBJECT ADDED ENTRY--TOPICAL TERM | |
| Topical Term | STORIES |
| Geographic subdivision | NEW DELHI |
| 942 ## - ADDED ENTRY ELEMENTS (KOHA) | |
| Koha item type | Books |
| Withdrawn status | Lost status | Collection code | Home library | Current library | Shelving location | Date acquired | Source of acquisition | Full call number | Accession Number | Koha item type |
|---|---|---|---|---|---|---|---|---|---|---|
| Fiction | Main Library | Main Library | SHELF 16-A- ENGLISH LITERATURE COLLECTION OF WORKS | 10/10/2006 | PURCHASE | 823 AUS/P | 00233 | Books |